The civic culture: political attitudes and democracy in five nations

-д хадгалсан:
Номзүйн дэлгэрэнгүй
Үндсэн зохиолчид: Almond, Gabriel A (Зохиогч), Verba, Sidney (Зохиогч)
Формат: Ном
Хэл сонгох:англи
Хэвлэсэн: Boston Little, Brown 1965
Цуврал:The Little, Brown Series in Comparative Politics
Нөхцлүүд:
Шошгууд: Шошго нэмэх
Шошго байхгүй, Энэхүү баримтыг шошголох эхний хүн болох!

MARC

LEADER 00000nam a2200000 a 4500
001 UCO8241
003 CL-VaPUC
008 001201e19650000US |||||||||||||||||eng|d
082 0 4 |a 321.8  |b ALM  |2 21 
100 0 |a Almond, Gabriel A  |e author  |9 453106 
700 0 |a Verba, Sidney  |e author  |9 453107 
245 1 4 |a The civic culture: political attitudes and democracy in five nations 
300 |a 379 p 
942 |c BK 
945 |d 20001201 00:00:00  |a crobeson 
260 |a Boston  |b Little, Brown  |c 1965 
500 |a Donación del profesor Manfred Wilhelmy von Wolff 
650 0 |a Democracia  |9 255256 
650 7 |a CULTURA CIVICA  |2 CL-VaPUC  |9 453108 
650 0 |a Cultura política  |9 257401 
650 7 |a PARTICIPACION POLITICA  |2 CL-VaPUC  |9 453109 
583 |a last modification  |c 20001201 00:00:00  |k Rodrigo Vera 
490 0 |a The Little, Brown Series in Comparative Politics 
999 |c 292967  |d 292965 
952 |0 0  |1 0  |4 0  |6 321_800000000000000_ALM_1965  |7 0  |8 A  |9 344052  |a BIBHIS  |b BIBHIS  |d 2019-11-20  |i 1231154  |o 321.8 ALM 1965  |p 1231154  |r 2025-01-20  |w 2019-11-20  |y BK  |k HIS